000 00648nam a22001697a 4500
020 _a9783030758547
082 _a006.31
_bDEE
100 _aDebi Prasanna Acharjya, Anirban Mitra, Noor Zaman (Editors)
245 _aDeep learning in data analytics: recent techniques, practices and applications/
_cDebi Prasanna Acharjya, Anirban Mitra, Noor Zaman (Editors)
260 _aSwitzerland:
_bSpringer Nature;
_c2022.
300 _a266p.
563 _aHB.
650 _aDeep learning
_adata analytics
_9123654
650 _aE-BOOKBANK.SEECSTEXTBOOK
_9125472
856 _uhttp://10.250.8.41:8080/xmlui/handle/123456789/41801
942 _2ddc
_cBK
999 _c609781
_d609781